MDQL
is popping MORE tags! Check the
thread
!
Quizzes
Events
Quiz Creation
Community
Videos
Private Events
Remove Ads
Sign In
Join for FREE
Feedback
Dark Mode
Quiz Categories
Sports
Geography
Music
Movies
Television
Just For Fun
Miscellaneous
History
Literature
Language
Science
Gaming
Entertainment
Religion
Holiday
For Kids
Quiz Lab
Recent
Popular Today
Quiz Kudos Today
Editor Picks
Curator Picks
Quizzes by...
Day
Popularity
Type
Ratings
Length
Year
Community
Subscriptions
Recent Discussions
Orange Saloon
Badges
Playlists
Quests
Create
Leaderboards
Showdown
Live 5
Trivia Bingo
Activity
Puzzle Library
Sporcle Events
Private Events
Virtual Trivia
Globe League
Become a Host
Pub Owners
SporcleCon
Opinionation
Our Games
Videos
Blog
Mobile Apps
Partnerships
Remove Ads and Go Orange
Feedback
Science
Computer
Plants
Astronomy
Chemistry
Elements
Math
Animal
Physics
Anatomy
Biology
Geology
General Science
Science
Computer
Plants
Astronomy
Chemistry
Elements
Math
Animal
Physics
Anatomy
Biology
Geology
General Science
Random Quiz
Search Sporcle
×
Quiz Lab
Quiz Lab
Science
Vocabulary
Type in answers that appear in a list
Type in answers that appear in a list
Classic
Best Score? Go Orange.
Honors earth 2011 Jackson Freed Ch. 7 Stats
Can you name the Honors earth 2011 Jackson Freed Ch. 7 ?
By
jacksonfreed
15m
19 Questions
1 Play
1 Plays
1 Plays
Comments
Comments
Give Quiz Kudos
Give Quiz Kudos
-
- Ratings
hide this ad
Replay
Link that replays current quiz
Next Quiz
Link to next quiz in quiz playlist
You Got
0%
They Got
Avg Score
21%
Avg Friend Score
Upgrade to see
Score Distribution
Jump to the score distribution portion of the page
Score
0/19
Timer
15:00
0
Plays Today
Vocabulary
Pg. 193-223
% Correct
led to the unfolding of a far more encompassing theory than contienental drift
plate tectonics
100%
along the axis of some ridge segments is a deep down-
faulted structure
rift valley
100%
as these slabs sink into the asthenosphere, they 'pull' the trailing plate along
slab pull
100%
another word for lithosphereic plates
tectonic plate
100%
towing very sensitive instruments
magnetometers
0%
cylindrically shaped upwelling of hot rock
mantle plum
0%
when rocks exhibit the same magnetism as the present magnetic field
normal polarity
0%
winds through all of the major oceans in a manner similar to the seams of a baseball
oceanic ridge system
0%
another ame for fossil magnetism
paelomagnetism
0%
named a supercontinent this name
pangea
0%
Vocabulary
Pg. 193-223
% Correct
at depth of roughly 100 kilometers, the wedge of mantle rock is sufficiently hot that the introduction of water from the slab
partial melting
0%
gravitey-
devian mechanism results from the elevated positions of the oceanic ridge
ridge push
0%
whereas rocks exhibiting the opposite magnetism
reverse polarity
0%
the mechanism that operates along the oceanic ridge system to create new seafloor
seafloor spreading
0%
another word for divergent boundries
spreading center
0%
covergent boundries are also called this
subduction zone
0%
consisting of all Earth's landmasses once existed
supercontinent
0%
two plates grind past each other without the production or destruction of lithosphere
transform fault boundry
0%
the newly formed land consisting of an arc-
shaped chain of volcanic islands
volcanic island arc
0%
Quiz Playlist
Details
Report
Send in Message
Add To Playlist
Classic:
Type in answers that appear in a list
Last Updated: Feb 16, 2017
Quiz Scoreboard
CHALLENGE
Sign Up to Join the Scoreboard
Show All
Scores
Hide
Comments
May contain spoilers
Recently Published
Image Sorting: Flags VI
by Barbecue
Geography
2m
Find the 'City' Movie
by crazypaving
Movies
60s
Colored Red Africa Blitz
by spor1
Geography
45s
More to Explore
Quiz From the Vault
Featured Blog Post
14 Easter Pick-up Lines to Find Eggs With
hide this ad
You Might Also Like...
Tags
Vocabulary Quiz
2011
earth
honor
jackson
Today's Top Quizzes in Science
Browse Science
hide this ad
Today's Top Quizzes in Vocabulary
Browse Vocabulary
Top Contributed Quizzes in Science
1
Windmill: Elements
2
200 Vogels in Nederland
3
Square Numbers Scrambled (1-50)
4
Count to 60
5
Elements In Images
6
Glycolysis
7
17 TIMES TABLE
8
4-letter Elementary Words III
9
perfect squares 1-25
10
Quick Pick: 'CI-CJ' Animals
Explore More
Trending Topics
NBA
Crossword
Harry Potter
Disney
Marvel
Anime
Kpop
NFL
Country
Pokémon
Soccer
Puzzle
Song
WWE
The Office
hide this ad
More By:
jacksonfreed
Quiz
Plays
Rating
Category
Featured
Created
Honors earth 2011 Jackson Freed ch 7
2
Science
Aug 31, 2011
Honors earth 2011 Jackson Freed Ch. 7
1
Science
Sep 1, 2011
Go to Creator's Profile
Score Distribution
Quiz Creator Spotlight
jacksonfreed
Follow
Send a Message
Quizzes Created
-
Created Quiz Play Count
-
More By This Creator
Popular Quizzes Today
1
Colored Red Africa Blitz
2
Find the US States - No Outlines Minefield
3
Find the 'City' Movie
4
5x2 Blitz: Bands
5
The Countries of the World
6
Find the US States
7
Find the Countries of Europe - No Outlines Minefield
8
US States
More Science Quizzes
Evolution of Species
Published
Trending Quizzes
Colored Red Europe Blitz I
Colored Red Europe Blitz II
Colored Red Africa Blitz II
Colored Red Europe Blitz III
Colored Red Africa Blitz III
Recently Updated
How Do You Spell That?
pecheneg
Godzilla Movies
pecheneg
Grab Bag: 4-10 Letters
pecheneg
2024 March Madness Bracket
pecheneg
Famous TV Couples
Peacemaker
Champions League XIs: Real Madrid
pecheneg
Largest US Cities 1790-2010
pecheneg
Rides in Walt Disney World
pecheneg
Most Oscar Losses (Acting)
pecheneg
Beyoncé Albums
pecheneg
Trending Topics
Marvel
NBA
Kpop
Crossword
Anime
Harry Potter
Disney
NFL
Pokémon
Country
Song
Puzzle
WWE
Soccer
The Office
Your Account Isn't Verified!
In order to create a playlist on Sporcle, you need to verify the email address you used during registration. Go to your
Sporcle Settings
to finish the process.
Report this User
Report this user for behavior that violates our
Community Guidelines
.
Details:
Send Report
Go to the Sporcle.com Mobile Site →
Comments